000
00289nam a22001337a 4500
008
171004b xxu||||| |||| 00| 0 eng d
020
_a
2901429237191
041
_a
eng
080
_2
2ND
_a
159.9
100
_a
48
101
_a
PSI
245
_a
PSYCHOLOGY
_c
SCHACTER,D.L
942
_2
udc
_c
BK
999
_c
31813
_d
31813